[Event "South Moravia Region-chT 2223"]
[Site "Czech Republic"]
[Date "2022.11.13"]
[Round "3.8"]
[White "Martisek, Karel"]
[Black "Svizensky, Lubos"]
[Result "0-1"]
[WhiteElo "1772"]
[BlackElo "1805"]
[PlyCount "94"]
[EventDate "2022.10.09"]
[EventType "team-tourn"]
[EventRounds "11"]
[EventCountry "CZE"]
[SourceTitle "EXT 2024"]
[Source "ChessBase"]
[SourceDate "2023.10.10"]
[SourceVersion "1"]
[SourceVersionDate "2023.10.10"]
[SourceQuality "1"]

1. f4 d5 2. Nf3 c5 3. e3 Nc6 4. Bb5 Qb6 5. Bxc6+ Qxc6 6. d3 Nf6 7. 0-0 h6 8. Qe1 Bf5 9. Nc3 b5 10. Ne5 Qb7 11. Bd2 e6 12. h3 Bd6 13. Nf3 0-0 14. g4 Bh7 15. Qh4 c4 16. g5 hxg5 17. fxg5 Ne8 18. e4 b4 19. Rae1 bxc3 20. Bxc3 cxd3 21. cxd3 dxe4 22. dxe4 Bb4 23. Ne5 Bxc3 24. bxc3 Nd6 25. Ng4 Nxe4 26. Rf4 f5 27. Ne5 g6 28. Rff1 Qe7 29. Nf3 Qc7 30. Re3 Qg3+ 31. Qxg3 Nxg3 32. Rd1 Ne4 33. h4 Rad8 34. Red3 Rxd3 35. Rxd3 Nc5 36. Rd1 Kg7 37. Ne5 Bg8 38. Kf2 Bf7 39. Ke3 Rc8 40. c4 Be8 41. Rd4 Rc7 42. Kf4 Nd7 43. Rd2 Nxe5 44. Kxe5 Rxc4 45. Kxe6 Bf7+ 46. Ke5 Ra4 47. Rh2 Rxa2 0-1

[Event "Pobeskydy op 41st"]
[Site "Frydek Mistek"]
[Date "2022.04.17"]
[Round "8"]
[White "Svizensky, Lubos"]
[Black "Soural, Jan"]
[Result "0-1"]
[WhiteElo "1879"]
[BlackElo "2166"]
[PlyCount "102"]
[EventDate "2022.04.14"]
[EventType "swiss"]
[EventRounds "9"]
[EventCountry "CZE"]
[SourceTitle "CBM 207 Extra"]
[Source "ChessBase"]
[SourceDate "2022.05.31"]
[SourceVersion "1"]
[SourceVersionDate "2022.05.31"]
[SourceQuality "1"]

1. d4 Nf6 2. c4 g6 3. Nc3 Bg7 4. e4 0-0 5. Nf3 d6 6. Be2 c5 7. d5 e6 8. 0-0 exd5 9. exd5 Re8 10. Re1 Na6 11. a3 Nc7 12. Bg5 h6 13. Bh4 Bd7 14. Bg3 Qe7 15. Bd3 Qf8 16. Qc2 Nh5 17. Bh4 Nf4 18. Bg3 Nxd3 19. Qxd3 f5 20. Bf4 g5 21. Bd2 Qf6 22. Rxe8+ Rxe8 23. Re1 f4 24. Rxe8+ Nxe8 25. h3 Bf5 26. Qe2 Qd8 27. Nd1 Nf6 28. Bc3 Kf7 29. Nd2 Qe7 30. Qxe7+ Kxe7 31. f3 Nh5 32. Bxg7 Nxg7 33. Ne4 Bxe4 34. fxe4 Kf6 35. Nf2 Ke5 36. Ng4+ Kxe4 37. Nxh6 Kd4 38. Nf7 Kxc4 39. Nxd6+ Kxd5 40. Nxb7 c4 41. Kf2 Nf5 42. Kf3 Kd4 43. Na5 Kd3 44. Kg4 Ne3+ 45. Kxg5 Nxg2 46. Kg4 Ke2 47. Nc6 Ke3 48. Ne5 Ke4 49. Nc6 Ne3+ 50. Kh4 Nf5+ 51. Kg4 Ne3+ 0-1

[Event "Marienske Lazne op 20th"]
[Site "Marianske Lazne"]
[Date "2022.01.18"]
[Round "4"]
[White "Peglau, Charis"]
[Black "Svizensky, Lubos"]
[Result "1-0"]
[WhiteElo "1818"]
[BlackElo "1935"]
[PlyCount "117"]
[EventDate "2022.01.15"]
[EventType "swiss"]
[EventRounds "9"]
[EventCountry "CZE"]
[SourceTitle "CBM 206 Extra"]
[Source "ChessBase"]
[SourceDate "2022.03.31"]
[SourceVersion "1"]
[SourceVersionDate "2022.03.31"]
[SourceQuality "1"]

1. e4 c6 2. d4 d5 3. Nd2 Nf6 4. e5 Ng8 5. Bd3 h5 6. c3 g6 7. Qc2 e6 8. Ndf3 Ne7 9. Bg5 Qc7 10. Ne2 Nf5 11. h3 Be7 12. 0-0-0 Bxg5+ 13. Nxg5 h4 14. g4 hxg3 15. Nxg3 Qe7 16. Nf3 b6 17. Nxf5 gxf5 18. Rdg1 Ba6 19. h4 Bxd3 20. Qxd3 Nd7 21. h5 0-0-0 22. h6 Nf8 23. Qe3 Nh7 24. Ng5 Nxg5 25. Qxg5 Qxg5+ 26. Rxg5 Rh7 27. Rg7 Rdh8 28. Kd2 Kd7 29. Rxh7 Rxh7 30. Ke3 Ke7 31. Kf4 f6 32. exf6+ Kxf6 33. a4 c5 34. b4 c4 35. b5 Kg6 36. Ke5 Kf7 37. Kd6 Kf6 38. Re1 Re7 39. f4 Re8 40. h7 Rd8+ 41. Kc7 Rh8 42. Rh1 Kg6 43. Kd6 Kf7 44. Rh2 Rd8+ 45. Kc7 Rh8 46. Kb7 Kg6 47. Kxa7 Rxh7+ 48. Rxh7 Kxh7 49. a5 e5 50. axb6 exd4 51. b7 dxc3 52. b8Q c2 53. Qb7+ Kh8 54. Qc8+ Kg7 55. Qd7+ Kf6 56. Qd6+ Kg7 57. Qe5+ Kh6 58. Qf6+ Kh7 59. Qxf5+ 1-0

[Event "CZE-chT2D 1718"]
[Site "Czech Republic"]
[Date "2018.02.25"]
[Round "9.4"]
[White "Svizensky, Lubos"]
[Black "Kastner, Oldrich"]
[Result "1/2-1/2"]
[WhiteElo "1976"]
[BlackElo "2039"]
[PlyCount "24"]
[EventDate "2017.10.15"]
[EventType "team-tourn"]
[EventRounds "11"]
[EventCountry "CZE"]
[SourceTitle "EXT 2022"]
[Source "ChessBase"]
[SourceDate "2021.10.06"]
[SourceVersion "1"]
[SourceVersionDate "2021.10.06"]
[SourceQuality "1"]
[WhiteTeam "Dalesice Pivovar"]
[BlackTeam "Policka Stefanydes"]
[WhiteTeamCountry "CZE"]
[BlackTeamCountry "CZE"]

1. d4 Nf6 2. c4 e6 3. Nf3 b6 4. a3 c5 5. Nc3 Bb7 6. e3 d6 7. Be2 Be7 8. 0-0 0-0 9. d5 exd5 10. cxd5 Nbd7 11. e4 Re8 12. Re1 Ng4 1/2-1/2

[Event "Trebic Highlands op 11th"]
[Site "Trebic"]
[Date "2017.09.23"]
[Round "1"]
[White "Svizensky, Lubos"]
[Black "Ruzicka, Vaclav1111"]
[Result "1-0"]
[WhiteElo "1976"]
[BlackElo "1528"]
[PlyCount "99"]
[EventDate "2017.09.23"]
[EventType "swiss"]
[EventRounds "9"]
[EventCountry "CZE"]
[SourceTitle "EXT 2018"]
[Source "ChessBase"]
[SourceDate "2017.10.13"]
[SourceVersion "1"]
[SourceVersionDate "2017.10.13"]
[SourceQuality "1"]

1. d4 Nf6 2. c4 d6 3. Nc3 Nbd7 4. e4 e5 5. Nf3 Be7 6. Be2 0-0 7. 0-0 Re8 8. h3 h6 9. d5 Nc5 10. Qc2 a5 11. Be3 Bf8 12. b3 Bd7 13. a3 Na6 14. Rab1 c5 15. Nb5 b6 16. Kh2 Nc7 17. Nc3 Nh7 18. g4 g5 19. Qd2 f6 20. b4 axb4 21. axb4 Na6 22. b5 Nb4 23. Ra1 Qc7 24. Na2 Nxa2 25. Rxa2 Qb7 26. Rfa1 Rxa2 27. Qxa2 Be7 28. Kg3 Kg7 29. Ne1 Bd8 30. f3 Rh8 31. Nd3 Nf8 32. Qa6 Qb8 33. Nb2 Kg6 34. Qa8 Qxa8 35. Rxa8 Nh7 36. Na4 Re8 37. Rb8 Nf8 38. Nxb6 Bxb6 39. Rxb6 Kf7 40. Rxd6 Rb8 41. Bxc5 Bc8 42. Rb6 Rxb6 43. Bxb6 Ke8 44. Ba7 Nd7 45. c5 Kd8 46. c6 Nf8 47. Bb6+ Ke7 48. Bc5+ Ke8 49. Bxf8 Kxf8 50. b6 1-0

[Event "CZE-chT2E 1516"]
[Site "Czech Republic"]
[Date "2016.01.24"]
[Round "6.8"]
[White "Svizensky, Lubos"]
[Black "Borovsky, Adam"]
[Result "1/2-1/2"]
[WhiteElo "1999"]
[BlackElo "1990"]
[PlyCount "84"]
[EventDate "2015.10.18"]
[EventType "team-tourn"]
[EventRounds "11"]
[EventCountry "CZE"]
[SourceTitle "EXT 2022"]
[Source "ChessBase"]
[SourceDate "2021.10.06"]
[SourceVersion "1"]
[SourceVersionDate "2021.10.06"]
[SourceQuality "1"]
[WhiteTeam "Dalesice Pivovar"]
[BlackTeam "Orechov"]
[WhiteTeamCountry "CZE"]
[BlackTeamCountry "CZE"]

1. d4 d5 2. c4 c6 3. Nf3 Nf6 4. Nc3 dxc4 5. a4 Bg4 6. Ne5 Bh5 7. Nxc4 e6 8. Qb3 Qd7 9. Ne5 Qc8 10. Bf4 Be7 11. Rc1 0-0 12. e3 Nd5 13. Bg3 Nxc3 14. bxc3 Nd7 15. Nc4 Nb6 16. a5 Nxc4 17. Bxc4 Bd8 18. Bd6 Re8 19. Ra1 Bc7 20. Bxc7 Qxc7 21. 0-0 Bg6 22. f3 Rab8 23. e4 Qf4 24. Kh1 h5 25. Qd1 Qd6 26. Qd2 e5 27. d5 b5 28. axb6 axb6 29. Ra6 Qc5 30. Qa2 cxd5 31. Bxd5 Qxc3 32. Ra7 Rf8 33. Rb1 h4 34. h3 b5 35. Ra3 Qc5 36. Qb2 Rfd8 37. Rc1 Qe7 38. Ra5 b4 39. Rac5 Kh7 40. Rc7 Rd7 41. Rxd7 Qxd7 42. Qxe5 Qd8 1/2-1/2

[Event "Senica op 6th"]
[Site "Senica"]
[Date "2015.08.31"]
[Round "7"]
[White "Svizensky, Lubos"]
[Black "Lecky, Juraj"]
[Result "1/2-1/2"]
[WhiteElo "1937"]
[BlackElo "2074"]
[PlyCount "20"]
[EventDate "2015.08.27"]
[EventType "swiss"]
[EventRounds "7"]
[EventCountry "SVK"]
[SourceTitle "EXT 2016"]
[Source "ChessBase"]
[SourceDate "2015.10.08"]
[SourceVersion "1"]
[SourceVersionDate "2015.10.08"]
[SourceQuality "1"]

1. e4 e6 2. d4 d5 3. exd5 exd5 4. Bd3 Bd6 5. c3 Nf6 6. Nf3 0-0 7. 0-0 Bg4 8. h3 Bh5 9. Bg5 Nbd7 10. Nbd2 c6 1/2-1/2